Charakteristika a hodnotenie vývoja makroekonomických ukazovateľov v ekonomike SR diplomová práca

Gespeichert in:
Bibliographische Detailangaben
1. Verfasser: Sabo, Peter
Körperschaft: Národohospodárska fakulta EU. Katedra hospodárskej politiky
Weitere Verfasser: Lábaj, Martin, 1982-
Format: Buch
Sprache:Slowakisch
Veröffentlicht: Bratislava 2011
Tags: Tag hinzufügen
Keine Tags, Fügen Sie das erste Tag hinzu!

MARC

LEADER 00000nbm a2200000 4500
001 0130887
005 20161109101627.8
041 0 |a slo 
044 |a SK 
245 1 0 |a Charakteristika a hodnotenie vývoja makroekonomických ukazovateľov v ekonomike SR  |b diplomová práca  |c Peter Sabo ; školiteľ: Martin Lábaj 
264 1 |a Bratislava  |c 2011 
300 |a 68 s. 
100 1 |a Sabo, Peter 
700 1 |a Lábaj, Martin, 1982- 
710 2 |a Národohospodárska fakulta EU. Katedra hospodárskej politiky